Trouve l'artiste avec une oeuvre ! - Statistiques

Statistiques générales
  • Ce quiz a été pris 144 fois
  • Le résultat moyen est 11 sur 15
Statistiques - réponses
Par images Réponse % Correct
Leonard de Vinci
98%
Pablo Picasso
95%
Vincent van Gogh
93%
Salvator Dali
88%
Michelange
87%
Auguste Rodin
83%
Claude Monet
81%
Andy Warhol
79%
Edvard Munch
75%
Eugène Delacroix
74%
Frida Kahlo
71%
René Magritte
56%
Raphaël
49%
Rembrandt
45%
Paul Cezanne
36%
Aucun quiz correspondant
Distribution des résultats
% des personnes avec chaque résultat
Percentile par nombre de réponses
Votre historique - résultats
Vous n’avez pas pris ce quiz